Papiers inédits du Duc de Saint-Simon (Record no. 164347)

MARC details
000 -LEADER
campo de control de longitud fija 00855nam a2200205 i 4500
001 - NÚMERO DE CONTROL
campo de control 164347
003 - IDENTIFICADOR DE NÚMERO DE CONTROL
campo de control ES-MaACL
005 - FECHA Y HORA DE LA ÚLTIMA TRANSACCIÓN
campo de control 20250808072356.0
008 - DATOS DE LONGITUD FIJA--INFORMACIÓN GENERAL
campo de control de longitud fija 991125s1880 fr |||| | fre d
100 1# - ENTRADA PRINCIPAL--NOMBRE DE PERSONA
Nombre de persona Saint-Simon, Louis de Rouvroy,
Títulos y otros términos asociados al nombre duc de,
Fechas asociadas al nombre 1675-1755
9 (RLIN) 132295
245 10 - MENCIÓN DEL TÍTULO
Título Papiers inédits du Duc de Saint-Simon
Resto del título : lettres et dépéches sur l'Ambassade d'Espagne : tableau de la Cour d'Espagne en 1721 /
Mención de responsabilidad, etc. introduction par Edouard Drumont.
260 ## - PUBLICACIÓN, DISTRIBUCIÓN, ETC.
Lugar de publicación, distribución, etc. Paris :
Nombre del editor, distribuidor, etc. A. Quantin,
Fecha de publicación, distribución, etc. 1880.
300 ## - DESCRIPCIÓN FÍSICA
Extensión 411 p. ;
Dimensiones 24 cm.
600 17 - PUNTO DE ACCESO ADICIONAL DE MATERIA--NOMBRE DE PERSONA
Nombre de persona Saint-Simon, Louis de Rouvroy,
Títulos y otros términos asociados al nombre duc de,
Fechas asociadas al nombre 1675-1755
Fuente del encabezamiento o término
9 (RLIN) 132295
651 #4 - PUNTO DE ACCESO ADICIONAL DE MATERIA--NOMBRE GEOGRÁFICO
Nombre geográfico Francia-
Subdivisión general Historia-
Subdivisión cronológica 1715-1792
9 (RLIN) 8702
651 #4 - PUNTO DE ACCESO ADICIONAL DE MATERIA--NOMBRE GEOGRÁFICO
Nombre geográfico España-
Subdivisión general Historia-
Subdivisión cronológica 1700-1746, Felipe V.
9 (RLIN) 8237
700 1# - ENTRADA AGREGADA--NOMBRE PERSONAL
Nombre de persona Drumont, Edouard.
9 (RLIN) 45685
852 ## - LOCALIZACIÓN
Ubicación ES-MaACL
Número de control de estantería F-10924
Nota libre - Enc. pasta española
Holdings
Estatus retirado Estado de pérdida Estado de daño No para préstamo Colección Biblioteca de origen Biblioteca actual Ubicación en estantería Fecha de adquisición Fuente de adquisición Total de préstamos Signatura topográfica completa Código de barras Visto por última vez Precio de reemplazo Tipo de ítem Koha
        Libros del s. XIX Biblioteca del Ateneo de Madrid Biblioteca del Ateneo de Madrid Sala Pecera Planta 2 17/01/2008     F-10924 1172262 23/02/2023 23/02/2023 Libro impreso antiguo